Dealing with the effects of flooding (Record no. 66417)

MARC details
000 -LEADER
fixed length control field 01405cam a2200277 4500
001 - CONTROL NUMBER
control field ABS63692
008 - FIXED-LENGTH DATA ELEMENTS--GENERAL INFORMATION
fixed length control field 000000n2001 000 0 eng u
035 ## - SYSTEM CONTROL NUMBER
System control number (Sirsi) u111469
100 ## - MAIN ENTRY--PERSONAL NAME
Personal name Brown, S.
245 ## - TITLE STATEMENT
Title Dealing with the effects of flooding
260 ## - PUBLICATION, DISTRIBUTION, ETC.
Date of publication, distribution, etc. 2001
490 ## - SERIES STATEMENT
Series statement CSM (Chartered Surveyor Monthly)
Volume/sequential designation March 2001, 32(1)
520 ## - SUMMARY, ETC.
Summary, etc. In the wake of the autumn 2000 floods, the RICS Research Foundation has published the findings of new research carried out by the University of Wolverhampton. Researchers looked at the existing knowledge base available to surveyors carrying out remedial work, and dealing with the aftermath of floods. Their findings reveal a lack of comprehensive guidance for surveyors, and a clear need for standardisation on the specification of required repair works, as a result of flood damage. Copies of "Surveying flood damage to domestic dwellings: the present state of knowledge", priced £3.25 +p&p, can be obtained from RICS Books. Tel: 020 7222 7000.
590 ## - LOCAL NOTE (RLIN)
Local note ABS
650 ## - SUBJECT ADDED ENTRY--TOPICAL TERM
Topical term or geographic name entry element FLOODING
650 ## - SUBJECT ADDED ENTRY--TOPICAL TERM
Topical term or geographic name entry element REMEDIAL WORK
650 ## - SUBJECT ADDED ENTRY--TOPICAL TERM
Topical term or geographic name entry element ABOUT RICS-RELATED ORGANISATIONS-RICS RESEARCH FOUNDATION
650 ## - SUBJECT ADDED ENTRY--TOPICAL TERM
Topical term or geographic name entry element UNIVERSITY OF WOLVERHAMPTON
650 ## - SUBJECT ADDED ENTRY--TOPICAL TERM
Topical term or geographic name entry element LLOYDS
650 ## - SUBJECT ADDED ENTRY--TOPICAL TERM
Topical term or geographic name entry element CONTAMINANTS
650 ## - SUBJECT ADDED ENTRY--TOPICAL TERM
Topical term or geographic name entry element GUIDANCE
650 ## - SUBJECT ADDED ENTRY--TOPICAL TERM
Topical term or geographic name entry element PROFESSIONAL PRACTICE
690 ## - LOCAL SUBJECT ADDED ENTRY--TOPICAL TERM (OCLC, RLIN)
Topical term or geographic name as entry element ENVIRONMENTAL AND LAND CONSULTANCY
700 ## - ADDED ENTRY--PERSONAL NAME
Personal name Proverbs, D.
942 ## - ADDED ENTRY ELEMENTS (KOHA)
Suppress in OPAC 0
Holdings
Withdrawn status Lost status Source of classification or shelving scheme Damaged status Not for loan Home library Current library Shelving location Date acquired Total Checkouts Full call number Barcode Date last seen Copy number Price effective from Koha item type
    Dewey Decimal Classification     London London Journal article 16/03/2001   ABS63692 111469-1001 06/08/2019 1 06/08/2019 Journal article